=LDR 00000nam 2200000 4500 =001 INLIS000000000023289 =005 20130612121951 =008 ***********************************Ind** =035 ##$$0010-061300000023289 =041 ##$$a Ind =082 ##$$a 658.88 =090 ##$$a 658.88, Fir m =100 ##$$a Firdaus, Rahmat =245 ##$$a Manajemen perkeriditan Bank umum, Rachmat Firdaus,M.Si =260 ##$$a 2004 $b Bandung =300 ##$$a 338 hlm, 24 cm =650 ##$$a Kredit - Manajemen =850 ##$$a NBPNMAT